[Event "Challenge"]
[Site "http://www.queenalice.com/game.php?id=532120"]
[Date "2009.1.30"]
[Round "-"]
[White "Flamenco"]
[Black "Fernando_cun"]
[Result "0-1"]
[WhiteElo "1100"]
[BlackElo "1592"]

1. f4 d5 2. d4 Nf6 3. Nf3 Nc6 4. Ng5 e6 5. Nc3 h6 6. Nxf7 Kxf7 7. h4 Ne4 8. Nxe4
dxe4 9. Be3 Bb4+ 10. c3 Ba5 11. Qd2 g5 12. h5 gxf4 13. Bxf4 Qe7 14. g3 Qf6 15.
Qe3 Qf5 16. b4 Bxb4 17. cxb4 Nxb4 18. O-O-O Nxa2+ 19. Kb1 Nb4 20. Rc1 a5 21.
Rxc7+ Ke8 22. Bh3 Qd5 23. Qc3 Kf8 24. Rxc8+ Rxc8 25. Qxc8+ Kg7 26. Qc7+ Kg8 27.
Qb8+ Kh7 28. Qc7+ Kg8 29. Bxe6+ Qxe6 30. d5 Nxd5 31. Qxb7 Nc3+ 32. Kc2 Nxe2 33.
Qa8+ Kh7 34. Qb7+ Kg8 35. Bxh6 Qxh6 36. Qxe4 Nxg3 37. Qe8+ Qf8 38. Qe6+ Qf7 39.
Qc8+ Kh7 40. Qg4 Nxh1 41. Qe4+ Kg8 42. Qxh1 Rxh5 43. Qg1+ Kh7 44. Qg4 Rc5+ 45.
Kd3 Qb3+ 0-1

[Event "Challenge"]
[Site "http://www.queenalice.com/game.php?id=532874"]
[Date "2009.1.31"]
[Round "-"]
[White "Pinocchio"]
[Black "Flamenco"]
[Result "1-0"]
[WhiteElo "1907"]
[BlackElo "1100"]

1. e4 e5 2. Nf3 Nc6 3. Bb5 Nd4 4. Nxd4 exd4 5. d3 c6 6. Ba4 b5 7. Bb3 Qf6 8. O-O
Bd6 9. Nd2 Qe5 10. f4 Qf6 11. e5 Bxe5 12. fxe5 Qxe5 13. Re1 d6 14. Rxe5+ Ne7 15.
Re1 O-O 16. Rxe7 Ba6 17. Qh5 Kh8 18. Nf3 d5 19. Ng5 g6 20. Qxh7# 1-0

[Event "AUTO-OPEN-1427"]
[Site "http://www.queenalice.com/game.php?id=533803"]
[Date "2009.2.2"]
[Round "1"]
[White "Flamenco"]
[Black "QueenFanny"]
[Result "0-1"]
[WhiteElo "1100"]
[BlackElo "1970"]

1. f4 d5 2. d4 Nf6 3. h4 Bg4 4. Be3 e6 5. Nc3 Bb4 6. Kf2 Bxc3 7. bxc3 Ne4+ 8.
Ke1 a6 9. a4 Nxc3 10. Qd2 Ne4 11. Qb4 b6 12. g3 Nc6 13. Qa3 a5 14. Bh3 Nxg3 15.
Bxg4 Nxh1 16. Qc3 Nb4 17. Nf3 Ng3 18. Kf2 Ne4+ 19. Kg2 Nxc3 20. Bh5 Nxc2 21. Rc1
Nxe3+ 22. Kf2 Ncd1+ 23. Kg3 g6 0-1

[Event "AUTO-OPEN-1427"]
[Site "http://www.queenalice.com/game.php?id=533804"]
[Date "2009.2.2"]
[Round "1"]
[White "QueenFanny"]
[Black "Flamenco"]
[Result "1-0"]
[WhiteElo "1972"]
[BlackElo "1100"]

1. e4 e5 2. Nf3 Nc6 3. Bc4 Qf6 4. Nc3 Bc5 5. Nd5 Qd6 6. a3 Bxf2+ 7. Kxf2 Qc5+ 8.
Ne3 Nf6 9. d3 Ng4+ 10. Ke2 O-O 11. Nxg4 Nd4+ 12. Nxd4 Qxd4 13. c3 Qb6 14. Qb3
Qg6 15. Ne3 Qh5+ 16. g4 Qh3 17. Kd2 Qf3 18. Rf1 Qh3 19. Kc2 Qxh2+ 20. Bd2 Kh8
21. Rh1 Qf2 22. Raf1 Qg3 23. Rxh7+ Kxh7 24. Rh1+ Kg6 25. Nf5 Qxg4 26. Bxf7+ Rxf7
27. Nh4+ 1-0

[Event "AUTO-OPEN-1427"]
[Site "http://www.queenalice.com/game.php?id=533805"]
[Date "2009.2.2"]
[Round "1"]
[White "Flamenco"]
[Black "chosadei"]
[Result "0-1"]
[WhiteElo "1100"]
[BlackElo "2102"]

1. f4 Nf6 2. d4 d6 3. Nf3 c6 4. Nc3 g6 5. e4 Bg7 6. h4 O-O 7. g3 Bg4 8. Be2 Nbd7
9. Ng5 h5 10. Bxg4 Nxg4 11. O-O e5 12. fxe5 dxe5 13. Qe2 exd4 14. Na4 b5 15. Nc5
Nxc5 16. Qf3 d3 17. cxd3 Nxd3 18. Be3 Nxe3 19. Qxe3 Bd4 0-1

[Event "AUTO-OPEN-1427"]
[Site "http://www.queenalice.com/game.php?id=533806"]
[Date "2009.2.2"]
[Round "1"]
[White "chosadei"]
[Black "Flamenco"]
[Result "1-0"]
[WhiteElo "2098"]
[BlackElo "1100"]

1. e4 e5 2. Bc4 Qf6 3. Nc3 Bc5 4. Qg4 Qxf2+ 5. Kd1 Nf6 6. Qxg7 Ke7 7. Nh3 Qh4 8.
Nd5+ Nxd5 9. Qxe5+ Kd8 10. Qxh8+ Ke7 11. exd5 d6 12. Re1+ Qxe1+ 13. Kxe1 Nd7 14.
d3 Bb4+ 15. c3 Bc5 16. Bg5+ f6 17. Nf4 Ne5 18. Qxf6+ Ke8 19. Qe7# 1-0

[Event "AUTO-OPEN-1427"]
[Site "http://www.queenalice.com/game.php?id=533807"]
[Date "2009.2.2"]
[Round "1"]
[White "Flamenco"]
[Black "whyBish"]
[Result "0-1"]
[WhiteElo "1100"]
[BlackElo "2188"]

1. f4 d5 2. d4 g6 3. h4 Bg7 4. Nf3 Bg4 5. Ng5 Nf6 6. Nc3 Nbd7 7. g3 h6 8. Nxf7
Kxf7 9. Be3 e6 10. Qd2 Qe7 11. Nb5 a6 12. Nxc7 Rac8 13. Nxd5 Nxd5 14. Bh3 Bxh3
15. Rxh3 Nxe3 0-1

[Event "AUTO-OPEN-1427"]
[Site "http://www.queenalice.com/game.php?id=533808"]
[Date "2009.2.2"]
[Round "1"]
[White "whyBish"]
[Black "Flamenco"]
[Result "1-0"]
[WhiteElo "2164"]
[BlackElo "1100"]

1. f4 f5 2. e4 e5 3. exf5 Qh4+ 4. g3 Qf6 5. Qh5+ Kd8 6. d3 Ne7 7. Bh3 d5 8. Nc3
Nbc6 9. Nf3 Kd7 10. O-O Nb4 11. Nxe5+ Kd8 12. Nf7+ Kd7 13. Nxh8 Nxc2 14. Rb1 Nb4
15. Nf7 1-0

[Event "AUTO-OPEN-1430"]
[Site "http://www.queenalice.com/game.php?id=535219"]
[Date "2009.2.5"]
[Round "1"]
[White "nemeth"]
[Black "Flamenco"]
[Result "1-0"]
[WhiteElo "1892"]
[BlackElo "1100"]

1. Nf3 Nc6 2. d4 d5 3. c4 a5 4. Nc3 dxc4 5. e4 Nf6 6. Bxc4 e6 7. O-O Bd6 8. e5
Bxe5 9. Nxe5 Nxe5 10. dxe5 Nd7 11. f4 O-O 12. Qg4 1-0

[Event "AUTO-OPEN-1430"]
[Site "http://www.queenalice.com/game.php?id=535220"]
[Date "2009.2.5"]
[Round "1"]
[White "Flamenco"]
[Black "nemeth"]
[Result "0-1"]
[WhiteElo "1100"]
[BlackElo "1890"]

1. f4 d5 2. d4 c5 3. c3 Bf5 4. Na3 e6 5. Qa4+ Nd7 6. Nb5 a6 7. Na3 c4 8. Nf3 b5
9. Qd1 Qa5 10. Ng5 Bxa3 11. bxa3 Qxc3+ 0-1

[Event "AUTO-OPEN-1442"]
[Site "http://www.queenalice.com/game.php?id=540544"]
[Date "2009.2.15"]
[Round "1"]
[White "vindaloo"]
[Black "Flamenco"]
[Result "1-0"]
[WhiteElo "1888"]
[BlackElo "1100"]

1. e4 e5 2. Nf3 Nc6 3. Be2 Bc5 4. O-O Nf6 5. d3 Ng4 6. c3 Bxf2+ 7. Rxf2 Nxf2 8.
Kxf2 Qe7 9. Nbd2 Qc5+ 10. Kf1 O-O 11. b4 1-0